<?xml version="1.0" encoding="UTF-8"?>
<record
    xmlns:xsi="http://www.w3.org/2001/XMLSchema-instance"
    xsi:schemaLocation="http://www.loc.gov/MARC21/slim http://www.loc.gov/standards/marcxml/schema/MARC21slim.xsd"
    xmlns="http://www.loc.gov/MARC21/slim">

  <leader>00460nrc a22001817a 4500</leader>
  <controlfield tag="003">OSt</controlfield>
  <controlfield tag="005">20200519101050.0</controlfield>
  <controlfield tag="008">200519b           ||||| |||| 00| 0 spa d</controlfield>
  <datafield tag="040" ind1=" " ind2=" ">
    <subfield code="c">Nr</subfield>
  </datafield>
  <datafield tag="082" ind1=" " ind2=" ">
    <subfield code="a">788</subfield>
    <subfield code="b">Y15f</subfield>
  </datafield>
  <datafield tag="100" ind1=" " ind2=" ">
    <subfield code="4">Yamaha</subfield>
    <subfield code="e">Casa musical</subfield>
  </datafield>
  <datafield tag="245" ind1=" " ind2=" ">
    <subfield code="a">Fliscornio alto</subfield>
    <subfield code="b">con estuche negro</subfield>
    <subfield code="c">Yamaha</subfield>
  </datafield>
  <datafield tag="300" ind1=" " ind2=" ">
    <subfield code="e">con estuche</subfield>
  </datafield>
  <datafield tag="500" ind1=" " ind2=" ">
    <subfield code="a">Buen estado</subfield>
  </datafield>
  <datafield tag="650" ind1=" " ind2=" ">
    <subfield code="2">Instrumento musical</subfield>
    <subfield code="v">Aer&#xF3;fono</subfield>
  </datafield>
  <datafield tag="700" ind1=" " ind2=" ">
    <subfield code="4">Yamaha</subfield>
    <subfield code="e">casa musical</subfield>
  </datafield>
  <datafield tag="942" ind1=" " ind2=" ">
    <subfield code="2">ddc</subfield>
    <subfield code="c">INST</subfield>
  </datafield>
  <datafield tag="999" ind1=" " ind2=" ">
    <subfield code="c">12286</subfield>
    <subfield code="d">12286</subfield>
  </datafield>
  <datafield tag="952" ind1=" " ind2=" ">
    <subfield code="0">0</subfield>
    <subfield code="1">0</subfield>
    <subfield code="2">ddc</subfield>
    <subfield code="4">0</subfield>
    <subfield code="7">0</subfield>
    <subfield code="8">ALMA</subfield>
    <subfield code="a">ALMA</subfield>
    <subfield code="b">ALMA</subfield>
    <subfield code="d">2017-09-30</subfield>
    <subfield code="i">42874</subfield>
    <subfield code="l">2</subfield>
    <subfield code="o">788 Y15f</subfield>
    <subfield code="p">42874</subfield>
    <subfield code="r">2026-05-08</subfield>
    <subfield code="s">2025-05-15</subfield>
    <subfield code="t">Ej 1</subfield>
    <subfield code="w">2020-05-19</subfield>
    <subfield code="y">INST</subfield>
    <subfield code="z">Pr&#xE9;stamo 5 horas</subfield>
  </datafield>
</record>
